|
|
|
|
| LEADER |
00000nam a22000007a 4500 |
| 005 |
20180306000225.0 |
| 007 |
cr|||| |||| |
| 008 |
180306s2016 br |||||s|||| 00||0 por d |
| 020 |
|
|
|a 978-85-7789-105-4
|
| 035 |
|
|
|a 21020
|
| 040 |
|
|
|a vLex
|
| 090 |
|
|
|c 7450
|d 7450
|
| 100 |
1 |
|
|a da Silva, Edson Jacinto
|
| 245 |
1 |
0 |
|a Loteamento Urbano
|h [Recurso electrn̤ico] :
|b Doutrina e prt̀ica /
|c Edson Jacinto da Silva
|
| 256 |
|
|
|a Servicio en ln̕ea
|
| 260 |
|
|
|a San Pablo:
|b JH Mizuno,
|c 2016
|
| 300 |
|
|
|a 1 recurso electrn̤ico
|
| 500 |
|
|
|a Esta obra jurd̕ica aborda todos os pontos pertinentes ao Loteamento Urbano atual. É consagrada aos profissionais que, tanto nas prefeituras como nas atividades liberais, trabalham com projetos de loteamentos e parcelamentos do solo urbano. Nela se encontram todas as aė̳s e exign̊cias legais para a sua concretizaȯ̂ - reunindo ainda todos os critřios necessr̀ios para projetar, aprovar e registrar um loteamento urbano.
|
| 506 |
1 |
|
|a Disponible solo en los productos indicados
|d vLex Global
|d vLex Global (Academic Edition, excluding Law Schools)
|d vLex Global (U.S. Academic Edition, Law Schools)
|d vLex Global (U.S. Academic Edition, excluding Law Schools)
|d vLex Global (Academic Edition, Law Schools)
|
| 650 |
0 |
4 |
|a Derecho Pb︢lico y Administrativo
|z Brasil
|
| 740 |
0 |
|
|a vLex Libros (Servicio en ln̕ea)
|
| 856 |
4 |
0 |
|u http://vlex.com/source/loteamento-urbano-doutrina-e-pratica-21020
|z Acceso restringido
|
| 942 |
|
|
|c BOOK
|
| 999 |
0 |
|
|a Public and Administrative Law
|